000 00497nam a2200193Ia 4500
003 LK-CoDNM
005 20240729133038.0
008 010623t1924 xxu||||| |||| 00| 1 eng d
040 _aLK-CoDNM
_dLK-CoDNM
_eLK-CoDNM
041 _aeng
080 _a14
_bS11
100 _aDaubeny,Ulric.
245 _aHow to Choose Antiques
260 _bJ.Burrow and Company
_aLondon
_c1924
300 _bix, 106p. : ill , ill ; 19 cm
650 _aFurnitures
700 _aStevens,H.Beresford.
942 _cBK
999 _c92098
_d92098